Extra pre rodičov

Bibliographic Details
Other Authors: Rebrová Soňa (Publishing director)
Format: Journal
Language:Slovak
PhysicalDescription:2 zv. 30 cm
Published: Ivanka pri Dunaji Family 2005-2006
ISSN:1336-7749
Subjects:

MARC

LEADER 00000cas a2200000 a 4500
001 vtls008408529
003 SK-MaSNL
005 20260228160955.0
008 051109d20052006xo mr|p r 0 b0slo
022 |a 1336-7749 
035 |a (SVKBB03)vtls000226620 
040 |a SNK  |b slo  |c SNK  |d SVKBB  |d SNK  |e AACR2 
041 0 |a slo 
044 |a xo  |c SK 
072 |a 17  |x Etika. Morálna filozofia  |2 konspekt 
072 |a 37  |x Výchova a vzdelávanie  |2 konspekt 
080 |a 37  |2 2011 
080 |a (051)-048.55  |2 2011 
080 |a 173.5:173.7  |2 2011 
080 |a 050  |2 2001 
210 0 |a Extra rodič. 
222 0 |a Extra pre rodičov 
245 0 0 |a Extra pre rodičov 
260 |a Ivanka pri Dunaji  |b Family  |c 2005-2006 
300 |a 2 zv.  |c 30 cm 
310 |a 1x mesačne 
362 0 |a Roč. 1, č. 11 (nov. 2005)-roč. 1, č. 2 (2006) 
500 |a Šéfredaktorka: 11/2005, Soňa Rebrová 
500 |a Registračné číslo: MK SR 3445/2005 
515 |a Oba roky majú uvedený ročník 1 
650 0 7 |a rodičia a deti  |2 SNKPH  |9 63347 
650 0 7 |a výchova  |2 SNKPH  |9 957 
655 7 |a špecializované časopisy  |2 SNKPH  |9 70509 
700 1 |a Rebrová Soňa  |4 pbd  |9 267702 
910 |a snk 
916 |a 2005-2006 
999 |c 4013  |d 5943 
952 |0 0  |1 0  |4 0  |7 0  |8 0  |a SNK  |b SNK  |d 2017-05-29  |f 1  |i snk2017/12430  |l 0  |o snkČSB 6425/1/2005  |p 17A1207396  |r 2026-02-21 22:17:41  |t č. nov.-dec.  |w 2026-02-21  |y PREZ 
952 |0 0  |1 0  |4 0  |7 0  |8 0  |a SNK  |b SNK  |d 2017-05-29  |f 1  |i snk2017/12433  |l 0  |o snkČSB 6425/1[2]/2006  |p 17A1207397  |r 2026-02-21 22:17:41  |t č. jan.-feb.  |w 2026-02-21  |y PREZ 
952 |0 0  |1 0  |4 0  |7 0  |8 0  |a SNK  |b SNK  |d 2017-05-29  |i snk2017/12434  |l 0  |o snkČSB 6425/1/2005 D1  |p 17A1207398  |r 2026-02-21 22:17:41  |t č. nov.-dec., neúplné  |w 2026-02-21  |y PREZ  |z Chýba č. december 
952 |0 0  |1 0  |4 0  |7 0  |8 0  |a SNK  |b SNK  |d 2017-05-29  |i snk2017/12435  |l 0  |o snkČSB 6425/1[2]/2006 D1  |p 17A1207399  |r 2026-02-21 22:17:41  |t č. jan.-feb.  |w 2026-02-21  |y PREZ